Milon angli-ʻivri shalem, (Record no. 31838)

MARC details
000 -LEADER
fixed length control field 00943cam a22003011 4500
001 - CONTROL NUMBER
control field he 66001229
003 - CONTROL NUMBER IDENTIFIER
control field DLC
005 - DATE AND TIME OF LATEST TRANSACTION
control field 20260227111440.0
008 - FIXED-LENGTH DATA ELEMENTS--GENERAL INFORMATION
fixed length control field 810127s1965 is d 000 0 hebr
010 ## - LIBRARY OF CONGRESS CONTROL NUMBER
LC control number he 66001229
025 ## - OVERSEAS ACQUISITION NUMBER
Overseas acquisition number PL480: Is-2973
035 ## - SYSTEM CONTROL NUMBER
System control number (OCoLC)7084921
040 ## - CATALOGING SOURCE
Original cataloging agency DLC
Transcribing agency TxCM
Modifying agency TxCM
-- TNJ
-- OCoLC
-- DLC
041 0# - LANGUAGE CODE
Language code of text/sound track or separate title hebeng
042 ## - AUTHENTICATION CODE
Authentication code premarc
050 00 - LIBRARY OF CONGRESS CALL NUMBER
Classification number PJ4833
Item number .A4 1965
051 ## - LIBRARY OF CONGRESS COPY, ISSUE, OFFPRINT STATEMENT
Classification number PJ4833
Item number .A4 1965 Copy 3
Copy information Copy 3.
051 ## - LIBRARY OF CONGRESS COPY, ISSUE, OFFPRINT STATEMENT
Classification number PJ4833
Item number .A4 1965 Copy 4
Copy information Copy 4.
051 ## - LIBRARY OF CONGRESS COPY, ISSUE, OFFPRINT STATEMENT
Classification number PJ4833
Item number .A4 1965 Copy 5
Copy information Copy 5.
082 ## - DEWEY DECIMAL CLASSIFICATION NUMBER
Classification number 492.432
100 1# - MAIN ENTRY--PERSONAL NAME
Personal name Alcalay, Reuben,
Dates associated with a name 1907-
245 10 - TITLE STATEMENT
Title Milon angli-ʻivri shalem,
Statement of responsibility, etc. meʼet Reʼuben Alkalaʻi.
260 ## - PUBLICATION, DISTRIBUTION, ETC.
Place of publication, distribution, etc. Tel-aviv,
Name of publisher, distributor, etc. Masadah
Date of publication, distribution, etc. [1965]
300 ## - PHYSICAL DESCRIPTION
Extent 2 v. (4270 columns)
Dimensions 25 cm.
500 ## - GENERAL NOTE
General note Added t.p.: The complete English-Hebrew dictionary.
650 #0 - SUBJECT ADDED ENTRY--TOPICAL TERM
Topical term or geographic name entry element English language
General subdivision Dictionaries
-- Hebrew.
740 0# - ADDED ENTRY--UNCONTROLLED RELATED/ANALYTICAL TITLE
Uncontrolled related/analytical title Complete English-Hebrew dictionary.

No items available.

Powered by Koha